000 00619nam a2200217Ia 4500
003 OSt
005 20220928144919.0
006 a|||||r|||| 00| 0
007 ta
008 220927b |||||||| |||| 00| 0 eng d
024 _a77104
037 _cTextual
040 _aSDCL
_cSDCL
_beng
041 _2eng
_aeng
082 _aV73:194313'N6, L8
100 _aBaral Jaya Krishna
_9510420
245 0 _aPentagon and the making of U S foreign policy
_b A case study of Vietnam 1960 - 1968.
260 _c1978
942 _hV73:194313'N6, L8
_cTEXL
_2CC
999 _c830511
_d830511